00178nam a2200073Ia 4500082001200000245002400012100002700036008004100063 aAF MAHL 0aSonpad na Zanzibar  a Malherbe, Madeleine, 210825s9999 xx 000 0 und d